Hacking and Security : The Comprehensive Guide to Penetration Testing and Cybersecurity /

Guardado en:
Detalles Bibliográficos
Autores principales: Kofler, Michael (Autor), Gebeshuber, Klaus (Autor)
Formato: Libro
Lenguaje:inglés
Publicado: Bonn : Rheinwerk Verlag, 2023
Edición:3. vydanie
Etiquetas: Agregar Etiqueta
Sin Etiquetas, Sea el primero en etiquetar este registro!

MARC

LEADER 00000nam a22000003a 4500
001 0113462
003 SK-STU
005 20250108115813.5
007 ta
008 250108s ----xo-----e------000-0-----d
020 |a 978-1-4932-2425-8 
040 |a STU  |b slo 
041 0 |a eng 
044 |a gw 
100 1 |a Kofler, Michael  |4 aut 
245 1 0 |a Hacking and Security :  |b The Comprehensive Guide to Penetration Testing and Cybersecurity /  |c aut. Michael Kofler, Klaus Gebeshuber 
250 |a 3. vydanie 
260 |a Bonn :  |b Rheinwerk Verlag,  |c 2023 
300 |a 1141 s. 
700 1 |a Gebeshuber, Klaus  |r Z6  |4 aut 
996 |b 284EK90865  |c E* 90865  |l EE35  |s P  |a 0  |w 0113462_0001